Statystyki dla Kraje najbliższe Tajlandii - minuta sprintu

Kliknij tutaj aby rozwiązać quiz!

Ogólne statystyki

  • Ten quiz został rozwiązany 108 razy
  • Średni wynik to 14 z 20

Statystyki odpowiedzi

kmkraj% Poprawnych
115Chiny
98%
486Indie
95%
301Indonezja
90%
0Laos
89%
104Wietnam
86%
0Kambodża
80%
0Malezja
77%
0Mjanma
77%
2053Japonia
69%
1258Nepal
69%
579Bangladesz
66%
993Bhutan
66%
2766Korea
Południowa
62%
1440Filipiny
57%
524Singapur
57%
1734Tajwan
50%
2396Mongolia
47%
1341Brunei
45%
1810Sri Lanka
45%
2648Pakistan
38%

Rozkład punktacji

Percentyl według liczby udzielonych odpowiedzi

Procent ludzi z każdym wynikiem

Twoja historia wyników

Nie rozwiązałeś tego quizu